[Event "Open A"]
[Site "?"]
[Date "2007.??.??"]
[Round "7.3"]
[White "Vojta, Tomas"]
[Black "Kozak, Milos"]
[Result "1-0"]
[WhiteElo "2283"]
[BlackElo "2213"]
[PlyCount "63"]
[EventDate "2007.??.??"]

1. e4 c6 2. d4 d5 3. e5 Bf5 4. Nc3 e6 5. g4 Bg6 6. Nge2 c5 7. Be3 Nc6 8. dxc5
Nxe5 9. Nd4 Nd7 10. Nb3 h5 11. Qe2 hxg4 12. O-O-O Ngf6 13. Bg2 Be7 14. Bd4 O-O
15. h3 g3 16. fxg3 Rc8 17. g4 Nxc5 18. h4 Nxb3+ 19. axb3 Nd7 20. g5 Qa5 21. Kb1
Rc6 22. h5 Bf5 23. h6 Ra6 24. Na4 f6 25. hxg7 Kxg7 26. Rdf1 Bg6 27. Rh6 Rc8 28.
Rxg6+ Kxg6 29. Rh1 Rg8 30. Qh5+ Kg7 31. Bf3 Qd2 32. Qh6+ 1-0

[Event "Open A"]
[Site "?"]
[Date "2007.??.??"]
[Round "7.14"]
[White "Lizner, Milan"]
[Black "Svitak, David"]
[Result "1-0"]
[WhiteElo "2140"]
[BlackElo "1769"]
[PlyCount "81"]
[EventDate "2007.??.??"]

1. e4 c5 2. Nf3 d6 3. c3 Nf6 4. Bc4 e6 5. Qe2 Nc6 6. Bb3 Bd7 7. O-O Be7 8. d4
cxd4 9. cxd4 O-O 10. Nc3 Re8 11. e5 Nd5 12. Nxd5 exd5 13. Bxd5 Bg4 14. e6 fxe6
15. Bxe6+ Bxe6 16. Qxe6+ Kh8 17. Qg4 Bf6 18. Be3 d5 19. Rfd1 Re4 20. Qh5 Qd7
21. Rac1 g6 22. Qh6 Bg7 23. Qh3 Qxh3 24. gxh3 Rf8 25. Kg2 Bf6 26. Rd3 Kg7 27.
Rc5 Be7 28. Rb5 Nb4 29. Rb3 Nc6 30. Rxd5 b6 31. Rc3 Nb4 32. Rd7 Rd8 33. Rcc7
Rxd7 34. Rxd7 Kf8 35. Rxa7 Nc2 36. Bg5 Bd6 37. Rb7 Nxd4 38. Nxd4 Rxd4 39. Rxb6
Bc5 40. Rb8+ Kg7 41. Rb7+ 1-0

[Event "Open A"]
[Site "?"]
[Date "2007.??.??"]
[Round "7.20"]
[White "Framberk, Jan"]
[Black "Ruzicka, Vaclav"]
[Result "1/2-1/2"]
[WhiteElo "2072"]
[BlackElo "1953"]
[PlyCount "35"]
[EventDate "2007.??.??"]

1. e4 d5 2. exd5 Qxd5 3. Nc3 Qa5 4. d4 c6 5. Nf3 Bg4 6. Be2 Nf6 7. Bd2 Qc7 8.
Ne5 Bxe2 9. Qxe2 e6 10. O-O Nbd7 11. f4 Bd6 12. Nc4 O-O 13. Ne4 Nxe4 14. Qxe4
Nf6 15. Qf3 Be7 16. f5 Qd7 17. c3 Qd5 18. Qxd5 1/2-1/2

[Event "Open A"]
[Site "?"]
[Date "2007.??.??"]
[Round "7.28"]
[White "Vanecek, Stanislav"]
[Black "Novotny, Pavel"]
[Result "1-0"]
[WhiteElo "2002"]
[BlackElo "1841"]
[PlyCount "40"]
[EventDate "2007.??.??"]

1. d4 Nf6 2. c4 e6 3. Nf3 d5 4. g3 c5 5. Nc3 cxd4 6. Nxd4 a6 7. Bg2 Be7 8. O-O
O-O 9. cxd5 exd5 10. a3 Nc6 11. b4 Be6 12. Bb2 Ne5 13. Nxe6 fxe6 14. Nxd5 Bd6
15. Nxf6+ gxf6 16. Bxb7 Ra7 17. Bg2 Nc4 18. Bd4 Rd7 19. Rc1 Qc8 20. Rc2 Rff7
1-0

[Event "Open A"]
[Site "?"]
[Date "2007.08.30"]
[Round "7.23"]
[White "Pokorny, Milan"]
[Black "Kaiser, Rudolf"]
[Result "1/2-1/2"]
[WhiteElo "2200"]
[BlackElo "1948"]
[PlyCount "62"]
[EventDate "2007.08.30"]
[SourceDate "2007.08.30"]

1. e4 c5 2. Nf3 Nc6 3. d4 cxd4 4. Nxd4 g6 5. Be3 Nf6 6. Nc3 Bg7 7. Be2 O-O 8.
O-O d5 9. exd5 Nb4 10. d6 Qxd6 11. Ncb5 Qb8 12. c4 a6 13. Nc3 Rd8 14. Qb3 Nc6
15. Rad1 Nxd4 16. Bxd4 Be6 17. Bb6 Rxd1 18. Rxd1 Nd7 19. Bd4 Bxd4 20. Rxd4 Qa7
21. Qd1 b6 22. b3 Qc7 23. Ne4 h6 24. Bf3 Rc8 25. Qd2 Kg7 26. h4 Ne5 27. Qe3 b5
28. cxb5 Qc1+ 29. Rd1 Qxe3 30. fxe3 axb5 31. Be2 f5 1/2-1/2

[Event "Open A"]
[Site "?"]
[Date "2007.08.30"]
[Round "7.19"]
[White "Feierfeil, Jiri"]
[Black "Skala, Jaromir"]
[Result "0-1"]
[WhiteElo "2075"]
[BlackElo "1978"]
[PlyCount "64"]
[EventDate "2007.08.30"]
[SourceDate "2007.08.30"]

1. d4 Nf6 2. Bf4 g6 3. e3 Bg7 4. Bd3 d6 5. c3 c6 6. Nd2 Nbd7 7. h3 e5 8. Bh2
O-O 9. Ne2 Re8 10. dxe5 dxe5 11. Ne4 Nxe4 12. Bxe4 Nc5 13. Bc2 e4 14. O-O Nd3
15. Bxd3 exd3 16. Nf4 d2 17. Ne2 Bf5 18. g4 Be6 19. f3 Qd3 20. e4 Bc4 21. Nf4
Qe3+ 22. Rf2 Rad8 23. Kg2 Be5 24. Nd5 cxd5 25. Bxe5 Rxe5 26. Rxd2 Rde8 27. b3
Ba6 28. Rxd5 Be2 29. Qg1 Qxf3+ 30. Kh2 Rxe4 31. c4 Bf1 32. Qxf1 Re2+ 0-1

[Event "Open A"]
[Site "?"]
[Date "2007.08.30"]
[Round "7.7"]
[White "Tejkal, Jiri"]
[Black "Herejk, Petr"]
[Result "0-1"]
[WhiteElo "2178"]
[BlackElo "2018"]
[PlyCount "42"]
[EventDate "2007.08.30"]
[SourceDate "2007.08.30"]

1. d4 Nf6 2. Nf3 e6 3. Bf4 c5 4. e3 Qb6 5. Nc3 cxd4 6. Nb5 dxe3 7. Nc7+ Kd8 8.
Bd3 Qb4+ 9. Kf1 Qxf4 10. Nxa8 exf2 11. g3 Qe3 12. Qe2 Bc5 13. Qxe3 Bxe3 14. Ke2
Bc5 15. Ne5 Rf8 16. Rhd1 b6 17. c3 Bb7 18. b4 Be7 19. Nxb6 axb6 20. a4 Nd5 21.
Rac1 Bg5 0-1

[Event "Open A"]
[Site "?"]
[Date "2007.08.30"]
[Round "?"]
[White "Matejovsky, Ondrej"]
[Black "Lexa, Vaclav"]
[Result "1-0"]
[WhiteElo "2088"]
[BlackElo "1937"]
[PlyCount "43"]
[EventDate "2007.08.30"]
[SourceDate "2007.08.30"]

1. d4 Nf6 2. Nf3 d5 3. Bf4 e6 4. e3 Bd6 5. Bg3 O-O 6. Bd3 b6 7. Nbd2 Bb7 8. Ne5
c5 9. c3 Nc6 10. Ndf3 h6 11. O-O Qc7 12. Nxc6 Bxg3 13. Nce5 Bxe5 14. Nxe5 Rad8
15. Rc1 Qe7 16. Bb1 Nd7 17. Qd3 g6 18. f4 Nxe5 19. fxe5 Kh7 20. Rf6 Rg8 21.
Rcf1 Rg7 22. Rxf7 1-0

[Event "Open A"]
[Site "?"]
[Date "2007.08.30"]
[Round "7.16"]
[White "Fikr, Lukas"]
[Black "Marsalek, Lubomir"]
[Result "0-1"]
[WhiteElo "2134"]
[BlackElo "2028"]
[PlyCount "108"]
[EventDate "2007.08.30"]
[SourceDate "2007.08.30"]

1. Nf3 d5 2. d4 Nf6 3. g3 e6 4. Bg2 Be7 5. O-O O-O 6. c4 dxc4 7. Qc2 a6 8. Qxc4
b5 9. Qd3 Bb7 10. Be3 Be4 11. Qd2 Nbd7 12. Nc3 Bb7 13. Rfd1 Nb6 14. Ne5 Bxg2
15. Kxg2 b4 16. Nb1 Qd5+ 17. Kg1 Rfd8 18. a3 a5 19. axb4 axb4 20. Rxa8 Rxa8 21.
Qc2 Bd6 22. Nd2 Bxe5 23. dxe5 Ng4 24. Bf4 Rd8 25. Rc1 Qd4 26. Ne4 Nxe5 27. Qxc7
Nec4 28. Ng5 Rd7 29. Qc6 h6 30. Nf3 Qd5 31. Qxd5 Rxd5 32. Bc7 Rd7 33. Bxb6 Nxb6
34. Ne5 Rd2 35. Nd3 Rxe2 36. Rc6 Nd5 37. Rc8+ Kh7 38. Rb8 Rd2 39. Nxb4 Rxb2 40.
Nc6 Rxb8 41. Nxb8 Kg6 42. Nd7 Kf5 43. Nc5 g5 44. f3 h5 45. Ne4 f6 46. Kf2 g4
47. Nd6+ Ke5 48. Nf7+ Kd4 49. f4 e5 50. fxe5 fxe5 51. Nd6 Kd3 52. Ke1 e4 53.
Nf5 e3 54. Ng7 Nb4 0-1

[Event "Open A"]
[Site "?"]
[Date "2007.08.30"]
[Round "7.4"]
[White "Vrana, Jan"]
[Black "Fojtu, Petr"]
[Result "1-0"]
[WhiteElo "2271"]
[BlackElo "2121"]
[Annotator "Øeøábek,Jaroslav"]
[PlyCount "66"]
[EventDate "2007.08.30"]
[SourceDate "2007.08.30"]

1. e4 c5 2. Nf3 d6 3. d4 cxd4 4. Qxd4 Nc6 5. Bb5 Qd7 6. Qd3 a6 7. Bxc6 bxc6 8.
Nc3 Nf6 9. Bg5 e6 10. O-O-O Be7 11. e5 dxe5 12. Qc4 Qc7 13. Nxe5 Nd7 14. Bf4
Bg5 15. Bxg5 Nxe5 16. Qc5 f6 17. Bf4 Nd3+ 18. Rxd3 Qxf4+ 19. Kb1 Qc7 20. Rhd1
Kf7 21. Qh5+ Ke7 22. Ne4 e5 23. g4 Rb8 24. g5 f5 25. Nd6 g6 26. Qe2 e4 27. f3
Be6 28. fxe4 f4 29. Qf2 Qb6 30. Qxb6 Rxb6 31. b3 Rf8 32. e5 Bg4 33. Rg1 f3 {
dale necitelne} 1-0

[Event "Open A"]
[Site "?"]
[Date "2007.08.30"]
[Round "7.2"]
[White "Balhar, Jan"]
[Black "Studnicka, Tomas"]
[Result "1-0"]
[WhiteElo "2226"]
[BlackElo "2307"]
[PlyCount "61"]
[EventDate "2007.08.30"]
[SourceDate "2007.08.30"]

1. d4 Nf6 2. c4 g6 3. Nc3 d5 4. Nf3 Bg7 5. Bg5 Ne4 6. cxd5 Nxg5 7. Nxg5 e6 8.
Nf3 exd5 9. e3 O-O 10. b4 Qd6 11. Qb3 Bf5 12. Be2 c6 13. O-O Nd7 14. b5 Be6 15.
Rac1 c5 16. dxc5 Nxc5 17. Qb4 Rfd8 18. Rfd1 Bf8 19. Qh4 Be7 20. Qh6 Bf8 21. Qh4
Be7 22. Qg3 Rac8 23. Qxd6 Rxd6 24. Nd4 Nd7 25. Nxd5 Bxd5 26. Rxc8+ Kg7 27. Re8
Kf6 28. Nb3 Nb6 29. Nc5 a6 30. e4 Bxa2 31. e5+ 1-0

[Event "Open A"]
[Site "?"]
[Date "2007.08.30"]
[Round "7.10"]
[White "Srba, Milan"]
[Black "Pospisil, Evzen"]
[Result "1-0"]
[WhiteElo "2237"]
[BlackElo "2127"]
[PlyCount "117"]
[EventDate "2007.08.30"]
[SourceDate "2007.08.30"]

1. e4 c5 2. Nf3 d6 3. d4 cxd4 4. Nxd4 Nf6 5. Nc3 g6 6. Bc4 Bg7 7. O-O O-O 8.
Re1 a6 9. Bb3 Bd7 10. Bg5 Nc6 11. Qd3 Qa5 12. Nxc6 Bxc6 13. Qg3 Rfe8 14. Rad1
e6 15. Qh4 Qe5 16. Bf4 Qa5 17. Bxd6 Rad8 18. e5 Nd5 19. Ne4 h6 20. c4 g5 21.
Nxg5 hxg5 22. Qxg5 Ne7 23. Bxe7 Rxd1 24. Rxd1 Qxe5 25. Qxe5 Bxe5 26. Ba3 Kg7
27. g3 Rc8 28. f4 Bf6 29. Kf2 e5 30. fxe5 Bxe5 31. Rd2 Rh8 32. h4 Rh6 33. Be7
Rg6 34. Bg5 f6 35. Bf4 Bxf4 36. gxf4 Rg4 37. Ke3 Rxh4 38. Rf2 Kf8 39. Kd4 b6
40. c5 bxc5+ 41. Kxc5 Bb5 42. Kd6 Kg7 43. Ke6 Rg4 44. Bd5 Rg3 45. Rg2 Rxg2 46.
Bxg2 Be8 47. Bd5 Kg6 48. b4 Bb5 49. Be4+ Kg7 50. Kd6 Kh6 51. Bc2 Kh5 52. a4 Be2
53. Kc6 Kg4 54. f5 Kf4 55. b5 Bf3+ 56. Kc7 axb5 57. axb5 Ke3 58. b6 Kd2 59. Ba4
1-0

[Event "Open A"]
[Site "?"]
[Date "2007.08.31"]
[Round "8.6"]
[White "Studnicka, Tomas"]
[Black "Lizner, Milan"]
[Result "1-0"]
[WhiteElo "2307"]
[BlackElo "2140"]
[PlyCount "41"]
[EventDate "2007.08.31"]
[SourceDate "2007.08.31"]

1. d4 f5 2. g3 Nf6 3. Bg2 g6 4. Nf3 Bg7 5. O-O O-O 6. b3 d6 7. Bb2 c6 8. Nbd2
Na6 9. Re1 Qc7 10. c4 Bd7 11. h3 Rae8 12. e4 fxe4 13. Nxe4 Nxe4 14. Rxe4 e5 15.
dxe5 dxe5 16. Ba3 c5 17. Bb2 Bc6 18. Re3 Bh6 19. Rxe5 Bxf3 20. Rxe8 Bxd1 21.
Bd5+ 1-0

[Event "Open A"]
[Site "?"]
[Date "2007.08.31"]
[Round "8.24"]
[White "Sochorova, Jana"]
[Black "Pokorny, Milan"]
[Result "0-1"]
[WhiteElo "1882"]
[BlackElo "2200"]
[PlyCount "120"]
[EventDate "2007.08.31"]
[SourceDate "2007.08.31"]

1. Nf3 d5 2. b3 Bf5 3. Bb2 c6 4. e3 e6 5. c4 Nd7 6. d4 Be7 7. Bd3 Bxd3 8. Qxd3
Ngf6 9. Nbd2 O-O 10. O-O a5 11. e4 Qb6 12. Rfe1 Rfc8 13. Rac1 dxe4 14. Nxe4 a4
15. Ne5 Nxe5 16. dxe5 Nxe4 17. Rxe4 Rd8 18. Rd4 Bc5 19. Rxd8+ Rxd8 20. Qc2
Bxf2+ 21. Kf1 Bh4 22. bxa4 Bg5 23. a5 Qc5 24. Rd1 Rxd1+ 25. Qxd1 Qxc4+ 26. Kg1
Be3+ 27. Kh1 Qd5 28. Qe2 Qd2 29. Qxd2 Bxd2 30. Kg1 Bxa5 31. Kf2 Kf8 32. Ke3 Ke8
33. Kd4 Kd7 34. Ba3 Bb6+ 35. Kc4 Bc7 36. Bb2 b6 37. a4 Bd8 38. h3 Be7 39. Bc1
Kc7 40. Be3 Kb7 41. Bf2 Ka6 42. Be1 b5+ 43. axb5+ cxb5+ 44. Kb3 Kb7 45. Bc3 Kc6
46. Bb2 Kd5 47. Ba1 Bc5 48. Bb2 h5 49. Bc3 g6 50. Bb2 Bd4 51. Bc1 Bxe5 52. Kb4
Kc6 53. Be3 Bd6+ 54. Kb3 Kd5 55. Bd2 Ke4 56. Bg5 Kd5 57. Bh4 e5 58. Bg3 f5 59.
Be1 e4 60. Bh4 f4 0-1

[Event "Open A"]
[Site "?"]
[Date "2007.08.31"]
[Round "8.37"]
[White "Hampel, Rudolf"]
[Black "Horyna, Josef"]
[Result "0-1"]
[WhiteElo "1822"]
[BlackElo "1893"]
[PlyCount "105"]
[EventDate "2007.08.31"]
[SourceDate "2007.08.31"]

1. e4 Nf6 2. e5 Nd5 3. d4 d6 4. f4 g6 5. Nf3 Bg7 6. c4 Nb6 7. Bd3 dxe5 8. fxe5
O-O 9. O-O Nc6 10. Be3 Bg4 11. Be2 Qd7 12. Nbd2 Rad8 13. h3 Bxf3 14. Nxf3 h6
15. Qd2 Kh8 16. Rad1 Qc8 17. Qc1 e6 18. a3 Ne7 19. Bf2 a6 20. b4 Nd7 21. Kh1 c6
22. Qc2 b5 23. Nh2 Kg8 24. g4 Nb6 25. Nf3 Qb7 26. Kg1 Rd7 27. Rd2 Nxc4 28. Bxc4
bxc4 29. Qxc4 c5 30. Be3 cxb4 31. Qxb4 Qxb4 32. axb4 Nd5 33. Bf2 Nxb4 34. Ra1
Ra8 35. Kf1 a5 36. Ke2 Rc7 37. Be1 Nc2 38. Ra2 Nxe1 39. Nxe1 Bf8 40. Rdc2 Rxc2+
41. Nxc2 Kg7 42. Kd3 f6 43. Ke4 f5+ 44. Kf3 a4 45. h4 fxg4+ 46. Kxg4 a3 47. h5
Ra4 48. hxg6 Kxg6 49. Kf3 h5 50. Ke4 Kg5 51. Ne3 h4 52. Kf3 Rxd4 53. Rxa3 0-1

[Event "Open A"]
[Site "?"]
[Date "2007.08.31"]
[Round "8.16"]
[White "Pokorny, Jiri"]
[Black "Postupa, Pavel"]
[Result "0-1"]
[WhiteElo "1955"]
[BlackElo "2146"]
[PlyCount "70"]
[EventDate "2007.08.31"]
[SourceDate "2007.08.31"]

1. e4 c5 2. Nf3 d6 3. d4 cxd4 4. Nxd4 Nf6 5. Nc3 a6 6. Bg5 e6 7. f4 Be7 8. Qf3
Nbd7 9. O-O-O Qc7 10. g4 b5 11. Bxf6 Nxf6 12. g5 Nd7 13. h4 Bb7 14. Bh3 b4 15.
Nce2 Nc5 16. Ng3 g6 17. Qe3 O-O-O 18. Rhe1 h6 19. f5 hxg5 20. fxe6 Rxh4 21. Bg2
fxe6 22. Nb3 Rf8 23. Rd4 a5 24. Red1 Rd8 25. Kb1 Kb8 26. Ne2 Rc8 27. Ng1 Nxe4
28. Qe2 Ng3 29. Qf2 Rh2 30. Rc1 Rxg2 31. Qe3 Nf5 32. Qxe6 Nxd4 33. Nxd4 Qc4 34.
Qxe7 Qxd4 35. Nf3 Bxf3 0-1

[Event "Open A"]
[Site "?"]
[Date "2007.08.31"]
[Round "8.10"]
[White "Vanka, Miloslav"]
[Black "Tejkal, Jiri"]
[Result "1-0"]
[WhiteElo "2194"]
[BlackElo "2018"]
[PlyCount "101"]
[EventDate "2007.08.31"]
[SourceDate "2007.08.31"]

1. d4 d5 2. Nf3 Nf6 3. Bf4 Bf5 4. e3 e6 5. Ne5 Be7 6. Nd2 a6 7. g4 Be4 8. f3
Bg6 9. h4 h6 10. Nxg6 fxg6 11. Bd3 Kf7 12. c3 Nfd7 13. Bg3 c5 14. Qc2 Nf8 15.
h5 g5 16. O-O-O Nc6 17. Kb1 Rc8 18. Bg6+ Kg8 19. dxc5 Bxc5 20. Nb3 Bxe3 21.
Rhe1 Bf4 22. Bxf4 gxf4 23. Nc5 Qf6 24. Nxe6 Nxe6 25. Qf5 Qxf5+ 26. Bxf5 Ncd8
27. Rxe6 Nxe6 28. Bxe6+ Kh7 29. Bf5+ g6 30. hxg6+ Kg7 31. Bxc8 Rxc8 32. Rxd5
Rf8 33. Kc2 Kxg6 34. Kd2 Rf6 35. c4 b6 36. b4 Rc6 37. c5 bxc5 38. bxc5 Kf7 39.
Rf5+ Ke6 40. Kc3 a5 41. Kc4 Rc8 42. Rh5 Rb8 43. Rxh6+ Ke5 44. Rb6 Rd8 45. Rd6
Rb8 46. Rd5+ Ke6 47. Rd2 Rb4+ 48. Kc3 Ra4 49. c6 Ra3+ 50. Kb2 Ra4 51. c7 1-0

[Event "Open A"]
[Site "?"]
[Date "2007.08.31"]
[Round "8.28"]
[White "Kaiser, Rudolf"]
[Black "Hlavnicka, Jan"]
[Result "0-1"]
[WhiteElo "1948"]
[BlackElo "1996"]
[PlyCount "100"]
[EventDate "2007.08.31"]
[SourceDate "2007.08.31"]

1. f4 d5 2. e3 Nf6 3. Nf3 c5 4. b3 g6 5. Bb2 Bg7 6. Be2 Nc6 7. O-O O-O 8. Qe1
d4 9. Qh4 Bf5 10. Bd1 Qd6 11. Na3 Rad8 12. Nc4 Qc7 13. Nce5 Nxe5 14. Nxe5 Ne4
15. d3 Nc3 16. e4 Nxd1 17. Raxd1 Bc8 18. Ng4 b5 19. f5 h5 20. Nf2 Bf6 21. Qh3
Kg7 22. g4 hxg4 23. Nxg4 Rh8 24. Qg2 Rh4 25. Bc1 Be5 26. Nxe5 Qxe5 27. Bg5 Rh5
28. Bf4 Qf6 29. e5 Qa6 30. Bg5 Bb7 31. f6+ exf6 32. Bxf6+ Kg8 33. Qg3 Re8 34.
Rf4 Qxa2 35. Rg4 Rh6 36. Qf2 Qa6 37. Qf4 Rh5 38. Kf2 Qa2 39. Rd2 Qa1 40. Rg1
Qa6 41. Re2 Qe6 42. Ke1 a5 43. Rg5 Rh3 44. Rg3 a4 45. bxa4 bxa4 46. Qf1 Rh5 47.
Qg1 Kh7 48. Rg5 Bf3 49. Rf2 Qxf6 50. Rxh5+ gxh5 0-1

[Event "Open A"]
[Site "?"]
[Date "2007.08.31"]
[Round "8.14"]
[White "Skala, Jaromir"]
[Black "Koper, Stefan"]
[Result "1-0"]
[WhiteElo "2075"]
[BlackElo "2000"]
[PlyCount "75"]
[EventDate "2007.08.31"]
[SourceDate "2007.08.31"]

1. e4 g6 2. d4 Bg7 3. c3 d6 4. Bc4 e6 5. Qe2 c6 6. Nf3 Ne7 7. O-O O-O 8. Be3 d5
9. Bd3 Nd7 10. e5 b6 11. Qd2 c5 12. Bh6 Nc6 13. Bxg7 Kxg7 14. Na3 a6 15. Nc2 b5
16. Ne3 h5 17. Rac1 Bb7 18. h4 Rc8 19. Bb1 a5 20. Ng5 b4 21. Qd3 Ne7 22. g3 Qb6
23. Rfd1 cxd4 24. cxd4 Ba6 25. Qd2 a4 26. Ng2 b3 27. a3 Rxc1 28. Rxc1 Nb8 29.
Qf4 Nf5 30. Bxf5 exf5 31. e6 Bc4 32. exf7 Nc6 33. Qd6 Rb8 34. f8=Q+ Rxf8 35.
Ne6+ Kf7 36. Nxf8 Qxd4 37. Re1 Qxb2 38. Qxg6+ 1-0

[Event "Open A"]
[Site "?"]
[Date "2007.08.31"]
[Round "8.21"]
[White "Vevera, Radek"]
[Black "Framberk, Jan"]
[Result "1-0"]
[WhiteElo "2069"]
[BlackElo "2072"]
[PlyCount "71"]
[EventDate "2007.08.31"]
[SourceDate "2007.08.31"]

1. e4 c5 2. Nf3 d6 3. d4 cxd4 4. Nxd4 Nf6 5. Nc3 Nc6 6. Bg5 e6 7. Qd2 h6 8.
Bxf6 gxf6 9. f4 a6 10. O-O-O Bd7 11. Be2 h5 12. Kb1 Qb6 13. Nb3 Na5 14. Rhf1
Nxb3 15. axb3 O-O-O 16. f5 Be7 17. Bc4 Qc5 18. Rf3 Kb8 19. Rg3 Rhg8 20. Rxg8
Rxg8 21. Qh6 Rxg2 22. Qxh5 Qf2 23. Bd3 Bb5 24. Nxb5 axb5 25. fxe6 Rg1 26. exf7
Rxd1+ 27. Qxd1 Qxh2 28. Bxb5 Qh7 29. Qd5 Qh4 30. c3 Qe1+ 31. Ka2 Qg3 32. b4 Qg5
33. Qd3 Qe5 34. Bc4 Kc7 35. Bd5 Bf8 36. Qb5 1-0

[Event "Open A"]
[Site "?"]
[Date "2007.08.31"]
[Round "8.9"]
[White "Purnoch, Josef"]
[Black "Rmoutil, Martin"]
[Result "1-0"]
[WhiteElo "2184"]
[BlackElo "2002"]
[PlyCount "45"]
[EventDate "2007.08.31"]
[SourceDate "2007.08.31"]

1. d4 d5 2. c4 c6 3. Nf3 e6 4. Nc3 Nf6 5. Bg5 dxc4 6. a4 Nbd7 7. e4 Qa5 8. Bd2
Qc7 9. Bxc4 Be7 10. O-O O-O 11. e5 Nd5 12. Rc1 N7b6 13. Ba2 a5 14. Ne4 Re8 15.
Bb1 Nd7 16. Nfg5 Nf8 17. Qh5 Bxg5 18. Bxg5 Ng6 19. Rc3 f5 20. Rh3 fxe4 21.
Qxh7+ Kf7 22. Bxe4 Nde7 23. Bxg6+ 1-0

[Event "Open A"]
[Site "?"]
[Date "2007.08.31"]
[Round "8.1"]
[White "Vojta, Tomas"]
[Black "Sodoma, Jan"]
[Result "1-0"]
[WhiteElo "2283"]
[BlackElo "2334"]
[PlyCount "89"]
[EventDate "2007.08.31"]
[SourceDate "2007.08.31"]

1. e4 e5 2. Nc3 Nf6 3. f4 d5 4. fxe5 Nxe4 5. d3 Nxc3 6. bxc3 d4 7. Nf3 Nc6 8.
cxd4 Bb4+ 9. Bd2 Bxd2+ 10. Qxd2 Nxd4 11. c3 Nxf3+ 12. gxf3 Qh4+ 13. Qf2 Qf4 14.
Qg3 Qe3+ 15. Be2 O-O 16. f4 Qb6 17. Qf2 Qxf2+ 18. Kxf2 c5 19. Bf3 Rb8 20. d4
Bf5 21. Ke3 Rfe8 22. Be4 Bxe4 23. Kxe4 f6 24. Rad1 Kf7 25. d5 g6 26. h4 Rbd8
27. c4 b6 28. Rd3 Ke7 29. h5 g5 30. fxg5 fxe5 31. Rf3 Rf8 32. Rhf1 Rxf3 33.
Rxf3 Rg8 34. Rf5 a6 35. Kxe5 b5 36. d6+ Kd7 37. Kd5 bxc4 38. Rf7+ Kc8 39. Kc6
c3 40. g6 hxg6 41. hxg6 Kb8 42. g7 c2 43. Rf8+ Ka7 44. Rxg8 c1=Q 45. Ra8+ 1-0

[Event "Open A"]
[Site "?"]
[Date "2007.08.31"]
[Round "8.2"]
[White "Hausner, Ivan"]
[Black "Balhar, Jan"]
[Result "1-0"]
[WhiteElo "2393"]
[BlackElo "2226"]
[PlyCount "97"]
[EventDate "2007.08.31"]
[SourceDate "2007.08.31"]

1. e4 c6 2. c4 d6 3. Nc3 e5 4. d4 Nf6 5. Nf3 Qc7 6. Be2 Be7 7. O-O Bg4 8. b3
O-O 9. Be3 Nbd7 10. Ne1 Bxe2 11. Qxe2 a6 12. Rc1 Rfe8 13. d5 Nf8 14. Nd3 Ng6
15. g3 Qd7 16. f3 cxd5 17. cxd5 Rec8 18. Rc2 Bd8 19. Rfc1 Ne7 20. Kg2 Ne8 21.
a4 f5 22. Nf2 Ba5 23. Qd3 Nf6 24. Bg5 Bxc3 25. Rxc3 Rxc3 26. Rxc3 fxe4 27. fxe4
Rc8 28. Rxc8+ Qxc8 29. Qf3 Kf7 30. Bxf6 gxf6 31. Ng4 Ng8 32. Ne3 Ne7 33. Nc4
Qd7 34. a5 Kg7 35. Qe3 Kg6 36. Qf3 h5 37. h4 Ng8 38. Qf5+ Qxf5 39. exf5+ Kf7
40. Nxd6+ Ke7 41. Nxb7 Nh6 42. Nc5 Nxf5 43. Nxa6 Kd6 44. Nb4 Kc5 45. a6 Kb6 46.
Kh3 Nd4 47. d6 f5 48. d7 Ne6 49. Nd5+ 1-0

[Event "Open A"]
[Site "?"]
[Date "2007.08.31"]
[Round "8.27"]
[White "Moravec, Vit"]
[Black "Feierfeil, Jiri"]
[Result "1-0"]
[WhiteElo "2020"]
[BlackElo "1978"]
[PlyCount "113"]
[EventDate "2007.08.31"]
[SourceDate "2007.08.31"]

1. e4 c5 2. Nf3 e6 3. d4 cxd4 4. Nxd4 Nc6 5. Be3 Nf6 6. Nd2 a6 7. c4 Be7 8. Rc1
O-O 9. N4b3 d5 10. exd5 exd5 11. c5 d4 12. Bg5 d3 13. Nf3 Nb4 14. Na1 Re8 15.
Be3 Ng4 16. Qd2 Nxa2 17. Rc4 Nxe3 18. fxe3 a5 19. Bxd3 Nb4 20. Bb1 Qc7 21. O-O
Be6 22. Rcc1 Rad8 23. Qe2 Bxc5 24. Kh1 f6 25. Nd4 Bf7 26. Nac2 Nxc2 27. Qxc2 b6
28. Qxh7+ Kf8 29. Nf5 Bg8 30. Qh8 Qf7 31. Nxg7 Re5 32. Nf5 Be7 33. Qh6+ Ke8 34.
Nd6+ Rxd6 35. Bg6 Qxg6 36. Qxg6+ Bf7 37. Qc2 Be6 38. e4 Rc5 39. Qe2 Re5 40. Rc3
Rd4 41. Re3 b5 42. Rd1 Rb4 43. h4 a4 44. Rd2 Bc4 45. Qg4 Be6 46. Qg6+ Bf7 47.
Qg7 Rh5 48. Qg3 Be6 49. Qg6+ Bf7 50. Qg4 f5 51. Qe2 Rxh4+ 52. Rh3 Rhxe4 53.
Rh8+ Bf8 54. Qd3 Rh4+ 55. Kg1 Rhd4 56. Qe3+ Re4 57. Qh6 1-0

[Event "Open A"]
[Site "?"]
[Date "2007.08.31"]
[Round "8.13"]
[White "Fojtu, Jan"]
[Black "Hrubant, Ivan"]
[Result "1-0"]
[WhiteElo "2019"]
[BlackElo "2119"]
[PlyCount "115"]
[EventDate "2007.08.31"]
[SourceDate "2007.08.31"]

1. e4 e6 2. d4 d5 3. Nc3 Nf6 4. e5 Nfd7 5. f4 c5 6. Nf3 Nc6 7. Be3 Qb6 8. Qd2
a6 9. O-O-O Qa5 10. f5 cxd4 11. Bxd4 Nxd4 12. Qxd4 Qb4 13. Qe3 Qg4 14. Nxd5
exd5 15. e6 fxe6 16. Qxe6+ Be7 17. Re1 Qf4+ 18. Kb1 Ne5 19. Qxe5 Qxe5 20. Rxe5
Bd7 21. Bxa6 bxa6 22. Rhe1 O-O 23. Rxe7 Bxf5 24. Rc7 Be4 25. Nd2 Rf2 26. Nxe4
dxe4 27. Re7 Rc8 28. c3 Rd8 29. R7xe4 Rdd2 30. Rb4 Rxg2 31. h4 Rh2 32. a3 a5
33. Rb7 h6 34. Ree7 Rdg2 35. Re4 Kh7 36. Rb5 g5 37. hxg5 Rh1+ 38. Ka2 Rxg5 39.
Re7+ Kg6 40. Re6+ Kg7 41. Rxg5+ hxg5 42. Re5 Kf6 43. Rxa5 g4 44. Ra8 Kf5 45.
Rg8 Kf4 46. b4 g3 47. b5 Kf3 48. b6 Rh7 49. c4 g2 50. c5 Rb7 51. a4 Rb8 52. Rg7
Kf2 53. Kb3 g1=Q 54. Rxg1 Kxg1 55. a5 Kf2 56. a6 Re8 57. a7 Re3+ 58. Kb4 1-0

[Event "Open A"]
[Site "?"]
[Date "2007.08.31"]
[Round "8.30"]
[White "Zamrazil, Jan"]
[Black "Zlamal, Frantisek"]
[Result "0-1"]
[WhiteElo "1987"]
[BlackElo "1868"]
[PlyCount "120"]
[EventDate "2007.08.31"]
[SourceDate "2007.08.31"]

1. e4 c5 2. Nc3 d6 3. f4 Nc6 4. Nf3 e5 5. f5 Nf6 6. Bc4 Be7 7. d3 Bd7 8. Ng5
O-O 9. h4 Na5 10. g4 Nxc4 11. dxc4 Bc6 12. Nd5 Bxd5 13. cxd5 h6 14. Qe2 Qa5+
15. c3 Qa6 16. Qf3 Qa4 17. b3 Qa6 18. Bd2 c4 19. b4 Qa4 20. Nh3 Nh7 21. g5 Kh8
22. gxh6 Bxh4+ 23. Ke2 g6 24. Qg4 Bf6 25. fxg6 fxg6 26. Rhf1 Rg8 27. Qe6 Raf8
28. Rac1 Qa6 29. Rf3 Qb6 30. Rcf1 Qd8 31. a4 Qe7 32. Qg4 a6 33. Rg1 Rf7 34.
Rfg3 b5 35. a5 Bh4 36. R3g2 Qf6 37. Bg5 Nxg5 38. Nxg5 Bxg5 39. Qxg5 Qf3+ 40.
Kd2 Qd3+ 41. Ke1 Qxe4+ 42. Kd1 Qb1+ 43. Qc1 Qxc1+ 44. Kxc1 Kh7 45. Rh1 Rf3 46.
Kd2 Rgf8 47. Rhh2 Rd3+ 48. Ke1 Rxc3 49. Rf2 Rcf3 50. Rxf3 Rxf3 51. Ke2 e4 52.
Rh4 Rd3 53. Rxe4 Rxd5 54. Re7+ Kxh6 55. Ra7 c3 56. Rxa6 Rd2+ 57. Ke3 Rb2 58.
Rxd6 Rxb4 59. a6 Ra4 60. Rb6 Rc4 0-1

[Event "Open B"]
[Site "?"]
[Date "2007.08.31"]
[Round "8.18"]
[White "Misicko, Jan"]
[Black "Vanecek, Stanislav"]
[Result "1-0"]
[WhiteElo "2113"]
[BlackElo "2002"]
[PlyCount "47"]
[EventDate "2007.08.31"]
[SourceDate "2007.08.31"]

1. c4 c5 2. Nc3 Nf6 3. g3 d5 4. cxd5 Nxd5 5. Bg2 Nc7 6. Nf3 g6 7. Ne4 Nd7 8. d4
Bg7 9. dxc5 O-O 10. Qb3 Ne6 11. Be3 Qa5+ 12. Bd2 Qa6 13. Rc1 Qc6 14. Qc4 Bxb2
15. Rc2 Bg7 16. O-O b5 17. Qd3 Bb7 18. Nh4 Qc7 19. c6 Bxc6 20. Rxc6 Qxc6 21.
Nf6+ Nxf6 22. Bxc6 Rfd8 23. Bxa8 Rxd3 24. exd3 1-0

[Event "Open B"]
[Site "?"]
[Date "2007.08.31"]
[Round "8.8"]
[White "Kubikova, Hana"]
[Black "Kojetsky, Pavel"]
[Result "1/2-1/2"]
[WhiteElo "2187"]
[BlackElo "2147"]
[PlyCount "26"]
[EventDate "2007.08.31"]
[SourceDate "2007.08.31"]

1. d4 Nf6 2. Nf3 b6 3. g3 Bb7 4. Bg2 g6 5. c4 Bg7 6. O-O O-O 7. Nc3 d6 8. Qc2
c5 9. d5 e5 10. e4 Ne8 11. Bd2 Bc8 12. Nh4 Nd7 13. Rae1 Qc7 1/2-1/2